Religion Quiz

Random Religion or Country Quiz
Score 0/20 Timer 06:00
0 Plays Today
Characteristic/Belief Sunni (Su) or Shia (Sh) % Correct
About 80% - 85% of world Muslims???
91.2%
Primary source of authority: the hadith (traditions) of the Prophet???
84.9%
Majority in Saudi Arabia, Egypt, Yemen, Pakistan, Indonesia, Turkey, Algeria, Morocco, Tunisia???
83.4%
Accept Ali, the Prophet's cousin and son-in-law, as successor to the Prophet???
82.4%
Name is Arabic for: 'one who follows the traditions of the Prophet'???
81.6%
No basis in Islam for a hereditary privileged class of spiritual leaders???
69.7%
Sense of oppression has led to mourning ceremonies such as ashura, when followers flagellate themselves to commemorate Hussein’s death at Karbala???
69%
Traditionally, denies that the state has any religious authority, but an imam with a following has authority (political and religious, since the two are not distinguished)???
68.5%
Venerate saints, make pilgrimages to their tombs & shrines in the hopes of divine intercession???
68.3%
Primary source of authority: their ayatollahs, experts in Islamic studies???
68.2%
Characteristic/Belief Sunni (Su) or Shia (Sh) % Correct
The majority in Iran, Iraq, Bahrain, and Azerbaijan???
67.4%
Gave rise to the extremist puritanical sect Wahhabis???
67.3%
Most hold the twelfth & final imam is hidden ('in occultation') & will reappear one day???
64.7%
Accept Abu Bakr, friend of the Prophet & father of his wife Aisha, as successor to the Prophet???
63.6%
Reject the traditions (hadith) from some of the companions of the Prophet Muhammad???
60.4%
The Imams (not the local imam, but the eleven historic figures) are sinless by nature, and their authority is infallible as it comes directly from God???
58.5%
Traditionally, since the state exists with the blessing of Allah (God), it has authority (political and religious, since the two are not distinguished)???
57%
No basis for the veneration or intercession of saints???
56%
Name is Arabic for: 'a group or supportive party of people'???
40.9%
Also called 'People of the Household' (of the Prophet)???
30.3%
Remove Ads.
Support Sporcle.
Get the best of Sporcle when you Go Orange. This ad-free experience offers more features, more stats, and more fun while also helping to support Sporcle. Thank you for becoming a member.

You're not logged in!

Compare scores with friends on all Sporcle quizzes.
OR
Log In

Sporcle TV

Today on Sporcle TV


Watch our educational content, quiz creation guides, and fun videos on Sporcle TV.

Show Comments

Extras

Top Quizzes Today


Score Distribution

Paid Content

Your Account Isn't Verified!

In order to create a playlist on Sporcle, you need to verify the email address you used during registration. Go to your Sporcle Settings to finish the process.

Report this User

Report this user for behavior that violates our Community Guidelines.

Details: